000 00778nam a2200253Ia 4500
003 OSt
005 20221005092239.0
006 a|||||r|||| 00| 0
007 ta
008 221004b |||||||| |||| 00| 0 eng d
020 _a9780415991919 (hbk)
_c4489.80
024 _a94268
037 _b26835, 09/01/2009, Segment Book Distributors
_cTextual
040 _aCRL
_cCRL
_beng
041 _2eng
_aeng
082 _aR3xM26:g, P9
100 _aKelly Mark G E
_9590880
245 0 _aPolitical philosophy of Michel Foucault
260 _aNew York
_bRoutledge U.S.A
_c2009
300 _axii, 185p.
_ccm.
650 _aPHILOSOPHY
942 _hR3xM26:g, P9
_cTEXL
_2cc
999 _c998555
_d998555